Estética y Prótesis (Registro nro. 10095)
[ vista simple ]
| 000 -Cabecera | |
|---|---|
| Campo de control de longitud fija | 00794ntm a22003137a 4500 |
| 005 - Fecha y hora de la última transacción | |
| Campo de control | 20260427145955.0 |
| 008 - Elementos de longitud fija--Información general | |
| Campo de control de longitud fija | 170320b1999 xxu||||| |||| 00| 0 spa d |
| 020 ## - International Standard Book Number | |
| Número Internacional Estándar del Libro (ISBN) | 980618453X |
| 041 ## - Idioma | |
| Código de idioma | Español |
| 082 ## - Clasificación Decimal Dewey | |
| Número de clasificación | 617.692 F534e |
| 100 ## - Entrada principal--Autor personal | |
| Nombre personal | Fischer, Jens |
| 9 (RLIN) | 44910 |
| 245 ## - Título propiamente dicho | |
| Título | Estética y Prótesis |
| 260 ## - Pie de imprenta | |
| Lugar de publicación, distribución, etc. | Colombia |
| 260 ## - Pie de imprenta | |
| Nombre del editor, distribuidor, etc. | Actualidades Médico Odontológicas Latinoamérica |
| 260 ## - Pie de imprenta | |
| Fecha de publicación, distribución, etc. | 1999 |
| 300 ## - Descripción física | |
| Extensión | 220 páginas |
| 300 ## - Descripción física | |
| Otras características físicas | FOTOGRAFÍAS A COLOR |
| 490 ## - Serie | |
| Título de la Serie | Mecánica Dental |
| 650 ## - Materia general | |
| Temática (materia general) | PROSTODONCIA |
| 650 ## - Materia general | |
| Temática (materia general) | PRÓTESIS DENTALES |
| 650 ## - Materia general | |
| Temática (materia general) | PRÓTESIS TOTAL |
| 650 ## - Materia general | |
| Temática (materia general) | MATERIALES DENTALES |
| 650 ## - Materia general | |
| Temática (materia general) | CERÁMICA |
| 650 ## - Materia general | |
| Temática (materia general) | METAL CERÁMICA |
| 650 ## - Materia general | |
| Temática (materia general) | IMPLANTES |
| 650 ## - Materia general | |
| Temática (materia general) | ORTODONCIA |
| 650 ## - Materia general | |
| Temática (materia general) | ESTÉTICA |
| 942 ## - Punto de acceso adicional KOHA | |
| Tipo de ítem KOHA | Libro |
| Fuente del sistema de clasificación o colocación | Dewey Decimal Classification |
| Signatura completa | Código de barras | Programa Académico | Tipo de ítem |
|---|---|---|---|
| 617.692 F534e | 7884 | Mecánica Dental | Libro |
| 617.692 F534e | 7885 | Mecánica Dental | Libro |